000 00789cab a2200253 4500
001 ABS49498
008 090401t1993 xxu||||| |||| 00| 0 eng d
035 _a(Sirsi) u71594
041 _aeng
100 _aSmith, A.
245 _aComputers manage the paperwork
260 _c1993
350 _a0
490 _aBuilding
_v258(7813) 1 October 1993, 30-31(1)
520 _aLarge amounts of paperwork are often synonymous with construction litigation this article suggests ways in which information technology can help.
650 _aCOMPUTERS
650 _aCONSTRUCTION LITIGATION
650 _aDATABASES
650 _aHYPERTEXT
650 _aLITIGATION SUPPORT TOOLS
690 _aMANAGEMENT-BUSINESS MANAGEMENT-INFORMATION MANAGEMENT
942 _n0
948 _c04/03/1997
999 _c45158
_d45158